Rušivé svetlo v mestskom prostredí

Salvato in:
Dettagli Bibliografici
Autore principale: Šeliga, Damián (Autore)
Altri autori: Gašparovský, Dionýz (Relatore della tesi)
Natura: Manoscritto Libro
Lingua:slovacco
Pubblicazione: Bratislava : STU v Bratislave FEI, 2024
Soggetti:
Accesso online:https://opac.crzp.sk/?fn=detailBiblioFormChildYUB1O&sid=AA0D9432EF6DE826CF161A4F11D3&seo=CRZP-detail-kniha
Tags: Aggiungi Tag
Nessun Tag, puoi essere il primo ad aggiungerne!!

MARC

LEADER 00000ntm a22000003a 4500
001 stuzp93666
003 SK-STU
005 20250423125125.8
007 ta
008 150427s2015----xo-----f-mn---000-0-slo-d
040 |a STU  |b slo 
041 0 |a slo 
044 |a xo 
100 1 |a Šeliga, Damián  |u 032000  |4 aut  |U FEI Fakulta elektrotechniky a informatiky  |T FEI Ústav elektroenergetiky a aplikovanej elektrotechniky  |X 104194  |U E020  |Y 548  |7 104194 
242 0 1 |a Obtrusive Light in Urban Environment  |y eng 
245 1 0 |a Rušivé svetlo v mestskom prostredí 
260 |a Bratislava :  |b STU v Bratislave FEI,  |c 2024 
300 |a 153 s. 
650 4 |a rušivé svetlo  |2 slo 
650 4 |a obmedzenie rušivého svetla  |2 slo 
650 4 |a Dialux  |2 slo 
650 4 |a meranie fotometrických veličín  |2 slo 
650 4 |a svetelné znečistenie  |2 slo 
650 4 |a jas nočnej oblohy  |2 slo 
650 4 |a neúčelne rozptýlené svetlo  |2 slo 
650 4 |a simulácia osvetlenia  |2 slo 
650 4 |a obtrusive light  |2 eng 
650 4 |a limitation of obtrusive light  |2 eng 
650 4 |a Dialux  |2 eng 
650 4 |a measurement of pohotometric quantities  |2 eng 
650 4 |a light pollution  |2 eng 
650 4 |a brightness of the night sky  |2 eng 
650 4 |a spill light  |2 eng 
650 4 |a lighting simulation  |2 eng 
700 1 |a Gašparovský, Dionýz  |u 032000  |k Z1  |4 ths  |U FEI Fakulta elektrotechniky a informatiky  |T FEI Ústav elektroenergetiky a aplikovanej elektrotechniky  |X 1935  |U E020  |Y 548  |7 A000001935 
856 4 |u https://opac.crzp.sk/?fn=detailBiblioFormChildYUB1O&sid=AA0D9432EF6DE826CF161A4F11D3&seo=CRZP-detail-kniha